Reakcia EÚ na čínsku iniciatívu pásu a cesty

Zhodnotenie, postoj a výhrady Európskej únie voči čínskej Iniciatíve pásu a cesty.

Salvato in:
Dettagli Bibliografici
Autore principale: Ondriaš, Juraj, 1988-
Natura: Capitolo di libro
Lingua:slovacco
Soggetti:
Tags: Aggiungi Tag
Nessun Tag, puoi essere il primo ad aggiungerne!!

MARC

LEADER 00000naa a2200000 4500
001 0290147
005 20240502074443.9
041 0 |a slo 
044 |a SK 
245 1 0 |a Reakcia EÚ na čínsku iniciatívu pásu a cesty  |c Juraj Ondriaš 
520 |a Zhodnotenie, postoj a výhrady Európskej únie voči čínskej Iniciatíve pásu a cesty. 
610 2 0 |a Európska únia 
610 2 0 |a Čína 
610 2 0 |a iniciatíva pracovná 
610 2 0 |a stratégia cenová 
610 2 0 |a stratégia distribučná 
610 2 0 |a stratégia hospodárska 
610 2 0 |a stratégia logistická 
610 2 0 |a stratégia marketingová 
610 2 0 |a pasca likvidity 
610 2 0 |a dlhy 
610 2 0 |a investície 
100 1 |a Ondriaš, Juraj, 1988-